=LDR 00000nam 2200000 4500 =001 INLIS000000000003654 =005 20130612091946 =008 ***********************************Ind** =035 ##$$0010-061300000003654 =041 ##$$a Ind =082 ##$$a 510 =090 ##$$a 510, Neg r =100 ##$$a Negoro, ST =245 ##$$a Rumus, sifat-sifat tabek matematika serta bimbingan dan contoh, ST. Negoro, B. Harahap, Drs. Mursyd Saad =260 ##$$a 1990 $b Jakarta =300 ##$$a 157 hlm., ilus., 21 cm =650 ##$$a Matematika =850 ##$$a NBPNMAT